UBT Library

Building a profession (Record no. 44990)

000 -LEADER
fixed length control field 00296nam a22001337a 4500
008 - FIXED-LENGTH DATA ELEMENTS--GENERAL INFORMATION
fixed length control field 180314b xxu||||| |||| 00| 0 eng d
020 ## - INTERNATIONAL STANDARD BOOK NUMBER
International Standard Book Number 9780071633260
041 ## - LANGUAGE CODE
Language code of text/sound track or separate title eng
080 ## - UNIVERSAL DECIMAL CLASSIFICATION NUMBER
Universal Decimal Classification number 330.322
100 ## - Rafti
Rafti 62
101 ## - Shkurtesa
Shkurtesa INV
245 ## - TITLE STATEMENT
Title Building a profession
Statement of responsibility, etc Sullvan,R.N
942 ## - ADDED ENTRY ELEMENTS (KOHA)
Source of classification or shelving scheme
Item type Books
Holdings
Withdrawn status Lost status Source of classification or shelving scheme Damaged status Not for loan Collection code Permanent location Current location Shelving location Date acquired Total Checkouts Full call number Barcode Date last seen Price effective from Koha item type
          Koleksioni i përgjithshem UBT - Lipjan UBT - Lipjan Koleksioni i përgjithshem 03/14/2018   330.322 SUL 002-3001724 03/14/2018 03/14/2018 Books
          Koleksioni i përgjithshem UBT - Lipjan UBT - Lipjan Koleksioni i përgjithshem 03/14/2018   330.322 SUL 002-3001729 03/14/2018 03/14/2018 Books
          Koleksioni i përgjithshem UBT - Lipjan UBT - Lipjan Koleksioni i përgjithshem 03/14/2018   330.322 SUL 002-3001734 03/14/2018 03/14/2018 Books
          Koleksioni i përgjithshem UBT - Lipjan UBT - Lipjan Koleksioni i përgjithshem 03/14/2018   330.322 SUL 002-3001739 03/14/2018 03/14/2018 Books
          Koleksioni i përgjithshem UBT - Lipjan UBT - Lipjan Koleksioni i përgjithshem 03/14/2018   330.322 SUL 002-3001744 03/14/2018 03/14/2018 Books
UBT Library © 2015-2024. All rights reserved University Education for Business and Technology